don't come back - Tate McRae - Statistics

General Stats
  • This quiz has been taken 17 times
  • The average score is 267 of 337
Answer Stats
Hint Answer % Correct
you
100%
you,
100%
Verse 2 You
100%
all
88%
and
88%
back
88%
back)
88%
be
88%
bet
88%
better
88%
broke
88%
come
88%
don't
88%
Don't
88%
enough
88%
I
88%
I'm
88%
it
88%
it,
88%
off
88%
(Off
88%
so
88%
(So
88%
what
88%
When
88%
when
88%
would
88%
ahead
75%
always
75%
bored
75%
can
75%
'Cause
75%
down
75%
expect
75%
expected
75%
feel
75%
figure
75%
finally
75%
fine
75%
for
75%
friends
75%
get
75%
go
75%
honestly
75%
hope
75%
Chorus | Outro If
75%
just
75%
lie
75%
Like
75%
lost
75%
me
75%
me,
75%
missing
75%
no
75%
(No,
75%
not
75%
now,
75%
now
75%
now)
75%
out
75%
see
75%
that
75%
that's
75%
the
75%
they
75%
Throw
75%
to
75%
us
75%
wanna
75%
with
75%
your
75%
you're
75%
acting
63%
alcohol
63%
at
63%
believing
63%
'bout
63%
cared
63%
cut
63%
I'd
63%
knew
63%
know
63%
life
63%
on
63%
Really
63%
say
63%
second
63%
shutting
63%
Stop
63%
there's
63%
thinking
63%
thought
63%
try
63%
well
63%
well)
63%
(Yeah)
63%
again
50%
blame
50%
else
50%
find
50%
forever
50%
from
50%
haven't
50%
heard
50%
in
50%
known
50%
nobody
50%
Should've
50%
surprised
50%
you'd
50%
you'll
38%
No matching quizzes found
Score Distribution
Percent of People with Each Score
Percentile by Number Answered
Your Score History
You have not taken this quiz